01047nam a2200217 a 450000100100000000500170001000800410002702000180006804000250008610000250011124501220013626000750025830000210033350000620035450000210041670000390043795201200047695201110059695201050070799900170081200004348620240304173856.0140319s2013 dr 000 0 spa d a9789993431466 aDO-SdBNPbspacBNPHU1 aAponte, Sarah94349810aAutores Dominicanos de la Diáspora :bapuntes bio-bibliográficos 1902-2012 /cSarah Aponte, Franklin Gutiérrez. aSanto Domingo :bBiblioteca Nacional Pedro Henríquez Ureña,c2013. a430 p. ;c23 cm. aIncluye datos biográficos de los autores en las solapas aIncluye índice1 aGutiérrez, Franklin,d1951-9590 001052708DSaGRbGRcCTd2014-03-19iLF1l0o p43486-30r2020-06-25te. 3w2020-06-25yLFDSZPréstamo interno 0010718PDaPDbPDcCTd2014-03-19iLF1l0o p43486-10r2020-06-25te. 2w2020-06-25yLFPDZNo se presta 0010718PDaPDbPDcCTd2014-03-19iLF1l0o p43486-20r2020-06-25w2020-06-25yLFPDZNo se presta c42975d42975